00000000nam##2200000za#4500
0019.579244
003CaOODSP
00520210624190456
007cr |||||||||||
008150406|1999||||xxc|||||o    f|0| 0 eng|d
022 |a1488-5379
040 |aCaOODSP|beng
043 |an-cn---
0861 |aFs97-6/2299E-PDF
1101 |aCanada. |bDepartment of Fisheries and Oceans.
24512|aA brief history of GFCATCH (1954-1995), the Groundfish Catch and Effort Database at the Pacific Biological Station / |h[electronic resource]|cby K.L. Rutherford.
260 |aNanaimo - British Columbia : |bFisheries and Oceans Canada |c1999.
300 |a74p.|bfigs., references
4901 |aCanadian technical report of fisheries and aquatic sciences|x1488-5379|vNo. 2299
500 |aOn t.p.: Science Branch, Pacific Region, Nanaimo, British Columbia. The catalogue number and ISSN for the print edition appear in the PDF version.
546 |a(Résumé en français)
590 |a14-06-Supp|b2014-03-21
7201 |aRutherford, K. L.
830#0|aCanadian technical report of fisheries and aquatic sciences,|x1488-5379|vNo. 2299|w(CaOODSP)9.504449
85640|ahttp://publications.gc.ca|qPDF|s2373 KB|uhttps://publications.gc.ca/collections/collection_2014/mpo-dfo/Fs97-6-2299-eng.pdf|yNo. 2299